000 00220nam a22000857a 4500
008 161201b xxu||||| |||| 00| 0 eng d
100 _91677
_aDoshi,D.M
245 _aGeneral knowledge Update
260 _bNew Delhi
_cCordova
_d2007
999 _c4388
_d4388